<?xml version="1.0" encoding="UTF-8"?>
<record
    xmlns:xsi="http://www.w3.org/2001/XMLSchema-instance"
    xsi:schemaLocation="http://www.loc.gov/MARC21/slim http://www.loc.gov/standards/marcxml/schema/MARC21slim.xsd"
    xmlns="http://www.loc.gov/MARC21/slim">

  <leader>00663nam a22002297a 4500</leader>
  <controlfield tag="003">OSt</controlfield>
  <controlfield tag="005">20160504172933.0</controlfield>
  <controlfield tag="008">160504s2016    spc           001 f cat d</controlfield>
  <datafield tag="017" ind1=" " ind2=" ">
    <subfield code="a">DL B. 28079-2015</subfield>
  </datafield>
  <datafield tag="020" ind1=" " ind2=" ">
    <subfield code="a">9788497102612</subfield>
  </datafield>
  <datafield tag="040" ind1=" " ind2=" ">
    <subfield code="b">cat</subfield>
    <subfield code="c">CDMR</subfield>
  </datafield>
  <datafield tag="100" ind1="1" ind2=" ">
    <subfield code="a">Foix, Llu&#xED;s,</subfield>
    <subfield code="d">1943-</subfield>
  </datafield>
  <datafield tag="245" ind1="1" ind2="0">
    <subfield code="a">Aquella porta girat&#xF2;ria </subfield>
    <subfield code="c">Llu&#xED;s Foix</subfield>
  </datafield>
  <datafield tag="260" ind1=" " ind2=" ">
    <subfield code="a">Barcelona :</subfield>
    <subfield code="b">Destino,</subfield>
    <subfield code="c">2016</subfield>
  </datafield>
  <datafield tag="300" ind1=" " ind2=" ">
    <subfield code="a">275 p. ;</subfield>
    <subfield code="c">24 cm</subfield>
  </datafield>
  <datafield tag="586" ind1=" " ind2=" ">
    <subfield code="a">Premi Josep Pla 2016</subfield>
  </datafield>
  <datafield tag="600" ind1="1" ind2="7">
    <subfield code="a">Foix, Llu&#xED;s,</subfield>
    <subfield code="d">1943-</subfield>
    <subfield code="2">lemac</subfield>
  </datafield>
  <datafield tag="610" ind1="2" ind2="4">
    <subfield code="a">La Vanguardia (Diari)</subfield>
    <subfield code="x">Hist&#xF2;ria</subfield>
    <subfield code="9">1150</subfield>
  </datafield>
  <datafield tag="650" ind1="0" ind2="4">
    <subfield code="a">Periodistes</subfield>
    <subfield code="z">Catalunya</subfield>
    <subfield code="y">S. XX</subfield>
    <subfield code="9">2273</subfield>
  </datafield>
  <datafield tag="650" ind1="0" ind2="0">
    <subfield code="a">Premsa</subfield>
    <subfield code="z">Catalunya</subfield>
    <subfield code="y">S. XX</subfield>
    <subfield code="9">1545</subfield>
  </datafield>
  <datafield tag="942" ind1=" " ind2=" ">
    <subfield code="c">MON</subfield>
  </datafield>
  <datafield tag="999" ind1=" " ind2=" ">
    <subfield code="c">6932</subfield>
    <subfield code="d">6932</subfield>
  </datafield>
  <datafield tag="952" ind1=" " ind2=" ">
    <subfield code="0">0</subfield>
    <subfield code="1">0</subfield>
    <subfield code="4">0</subfield>
    <subfield code="7">0</subfield>
    <subfield code="a">CDMR</subfield>
    <subfield code="b">CDMR</subfield>
    <subfield code="d">2016-05-04</subfield>
    <subfield code="e">Intercanvi</subfield>
    <subfield code="g">20.00</subfield>
    <subfield code="l">9</subfield>
    <subfield code="m">3</subfield>
    <subfield code="o">Du 1/108</subfield>
    <subfield code="p">CDMR16050001</subfield>
    <subfield code="r">2017-06-21</subfield>
    <subfield code="s">2017-06-01</subfield>
    <subfield code="v">20.00</subfield>
    <subfield code="w">2016-05-04</subfield>
    <subfield code="y">MON</subfield>
  </datafield>
</record>
